OPAC Home

ordinance No.15 of 1946. L.D.-O. 21/46.No.1/4/73 (FSO) An ordinance To Amend The Export Duties ( Continution of Increased Rates ) ordinance, No.9 of 1945.[ Date of Governor's Assent : June 7,1946.] [ Date of Governor's Assent : June 7,1946 ] (Record no. 49705)

MARC details
000 -LEADER
fixed length control field 00599nam a2200145Ia 4500
008 - FIXED-LENGTH DATA ELEMENTS--GENERAL INFORMATION
fixed length control field 180921t xxu||||| ||||o00| 0 eng d
041 ## - LANGUAGE CODE
Language code of text/sound track or separate title English
080 ## - UNIVERSAL DECIMAL CLASSIFICATION NUMBER
Universal Decimal Classification number The Ordinances Of Ceylon 1946
942 ## - ADDED ENTRY ELEMENTS (KOHA)
Koha item type Books
003 - CONTROL NUMBER IDENTIFIER
control field LK-CoDNM
040 ## - CATALOGING SOURCE
Original cataloging agency LK-CoDNM
Modifying agency LK-CoDNM
Description conventions LK-CoDNM
245 ## - TITLE STATEMENT
Title ordinance No.15 of 1946. L.D.-O. 21/46.No.1/4/73 (FSO) An ordinance To Amend The Export Duties ( Continution of Increased Rates ) ordinance, No.9 of 1945.[ Date of Governor's Assent : June 7,1946.] [ Date of Governor's Assent : June 7,1946 ]
300 ## - PHYSICAL DESCRIPTION
Extent 23 cm
650 ## - SUBJECT ADDED ENTRY--TOPICAL TERM
Topical term or geographic name as entry element Export Duties ( Continution Of Increased Rates
Holdings
Withdrawn status Lost status Damaged status Not for loan Collection code Permanent Location Current Location Date acquired Full call number Koha item type
        Government Publications Library National Museum Colombo - Sri Lanka Library National Museum Colombo - Sri Lanka 2013-07-25 The Ordinances Of Ceylon 1946 Books
Copyright © 2023 Department of National Museum, Colombo 07, Sri Lanka Funded by UNESCO IFAP UNESCO